01745nas a2200241Ia 4500001001100000003001000011008004100021040002500062041001300087100002100100210002000121222002000141245006200161250001100223260008700234300001100321310001500332362003500347500049300382501011400875520049300989650002101482R050-S2458IT-CnALBA170116c99999999xx |||||||||||| ||und|| aIT-CnALBAcIT-CnALBA aITALIANO aADRIANI MAURILIO aCITTÀ DI VITA aCITTÀ DI VITA 0aCITTÀ DI VITA. SETTEMBRE OTTOBRE 1996. SCIENZA E FEDE.  a1a ed. a FIRENZEbCITTÀ DI VITA EDIZIONI c1996 [1° Ed.:1996 - Ed.Ling.Originale: 1996] a92 p.  aBIMESTRALE aFascicolo: 5 / Anno: 51 (1996) aIL SOGNO DELLA RAGIONE. DISCORSO SU DIO? COME? PICCHI L. CURATORE, ANDRÈ SALMON. FEDE COME RISERVA. LUGARESI G. QUARTETTO SCRITTORI CATTOLICI DI FIRENZE. VIERI F. IL SOGNO DI SANTIAGO. LORENZI L. NICOLA DA GUARDIAGRELE ORAFO. CIALINI L. RISCOPERTA DEL SACRO. FROMM E. DALL'ORIENTE LA LOGICA DEL PARADOSSO. MORANDI F. IL RITORNO DI DIO. LA PRETESA EDUCATIVA DEL FILOSOFO. LIBRI. PARIGI P. CINQUE XILOGRAFIE. ILLUSTRAZIONI. TITO E CONTI. DUE SCULTURE. FOTOGRAMMI DALLA STRADA DI FELLINI.  aSocietà San Paolo EM - Piazza San Paolo, 14 - 12051 ALBA (CN) (non commercial uses only) ® Copyright 2017 aIL SOGNO DELLA RAGIONE. DISCORSO SU DIO? COME? PICCHI L. CURATORE, ANDRÈ SALMON. FEDE COME RISERVA. LUGARESI G. QUARTETTO SCRITTORI CATTOLICI DI FIRENZE. VIERI F. IL SOGNO DI SANTIAGO. LORENZI L. NICOLA DA GUARDIAGRELE ORAFO. CIALINI L. RISCOPERTA DEL SACRO. FROMM E. DALL'ORIENTE LA LOGICA DEL PARADOSSO. MORANDI F. IL RITORNO DI DIO. LA PRETESA EDUCATIVA DEL FILOSOFO. LIBRI. PARIGI P. CINQUE XILOGRAFIE. ILLUSTRAZIONI. TITO E CONTI. DUE SCULTURE. FOTOGRAMMI DALLA STRADA DI FELLINI.  aTEOLOGIA SOCIALE